• 首页
  • 本馆介绍
  • 公告通知
  • 最新文献
  • 馆藏检索
  • 电子资源
  • 读者导购
  • 参考咨询
  • 我的图书馆
  • 登录
  • 详细信息显示
  • 放入我的书架
  • 预约/预借图书
  • 作者相关作品
  • 分类相关作品
  • 丛书相关作品
  • 出版社相关作品

书目信息

  • 表格格式
  • 工作单格式
  • 卡片格式
题名:
防雷装置与器件
    
 
作者: 郭在华 著
分册:  
出版信息: 北京   电子工业出版社  2021.3
页数: 12,233页
开本: 26cm
丛书名: 雷电监测与防护技术丛书
单 册:
中图分类: TU895
科图分类:
主题词: 防雷设施--高等学校--教材
电子资源:
ISBN: 978-7-121-28731-2
000 01095nam2 2200313 45
001 012001002497
005 20140914122857.0
010    @a978-7-121-28731-2@dCNY59.00
100    @a20171108d2017 em y0chiy50 ea
101 0  @achi
102    @aCN@b110000
105    @aa z 000yy
106    @ar
200 1  @a防雷装置与器件@Afang lei zhuang zhi yu qi jian@f郭在华[等]著
210    @a北京@c电子工业出版社@d2021.3
215    @a12,233页@c图@d26cm
225 2  @a雷电监测与防护技术丛书
300    @a并列题名:Lightning protection system and device
304    @a著者还有:刘俊、覃彬全、常越
312    @a封面英文题名:Lightning protection system and device
330    @a本书从材料与器件的角度来详细介绍防雷工程中用到的材料、工艺、装置及各类防雷电子元器件。
410  0 @12001 @a雷电监测与防护技术丛书
461  0 @12001 @a雷电监测与防护技术丛书
510 1  @aLightning protection system and device@zeng
606 0  @a防雷设施@x高等学校@j教材
690    @aTU895@v5
701  0 @a郭在华@Aguo zai hua@f(1975- )@4著
801  2 @aCN@bBJSDL@c20211018
905    @b1339958-61@dTU895@e2036@f4
    
    防雷装置与器件/郭在华[等]著.-北京:电子工业出版社,2021.3
    12,233页:图;26cm.-(雷电监测与防护技术丛书)
    并列题名:Lightning protection system and device
    
    ISBN 978-7-121-28731-2:CNY59.00
    本书从材料与器件的角度来详细介绍防雷工程中用到的材料、工艺、装置及各类防雷电子元器件。
●
相关链接 在E读中查询图书 在五车中查询图书 在当当中查询图书 在豆瓣中查询图书


正题名:防雷装置与器件     索取号:TU895/2036         预约/预借

序号 登录号 条形码 馆藏地/架位号 状态 备注
1 1339958   213399589   第二样本阅览室/ [索取号:TU895/2036] 在馆    
2 1339959   213399598   第三借阅区/ [索取号:TU895/2036] 在馆    
3 1339960   213399605   第三借阅区/ [索取号:TU895/2036] 在馆    
4 1339961   213399614   第三借阅区/ [索取号:TU895/2036] 在馆    
唐山师范学院图书馆 欢迎您!
大连网信软件有限公司© 版权所有